[Event "Voronezh op 16th"]
[Site "Voronezh"]
[Date "2012.06.20"]
[Round "8"]
[White "Kunin, Vitaly L"]
[Black "Kalugin, Sergey V"]
[Result "0-1"]
[WhiteElo "2513"]
[BlackElo "2366"]
[PlyCount "100"]
[EventDate "2012.06.12"]
[EventType "swiss"]
[EventRounds "9"]
[EventCountry "RUS"]
[SourceTitle "CBM 149 Extra"]
[Source "ChessBase"]
[SourceDate "2012.08.24"]
[SourceVersion "1"]
[SourceVersionDate "2012.08.24"]
[SourceQuality "1"]

1. d4 Nf6 2. c4 g6 3. Nc3 Bg7 4. e4 d6 5. Nge2 Nbd7 6. Ng3 e5 7. d5 a5 8. Be2 Nc5 9. h4 h5 10. Bg5 Bh6 11. Bxh6 Rxh6 12. f3 Bd7 13. Nf1 Ng8 14. Qd2 Rh8 15. Ne3 b6 16. g3 Qe7 17. Bd1 f5 18. Bc2 Nh6 19. b3 fxe4 20. Nxe4 Nxe4 21. Bxe4 Bf5 22. Qd3 Rf8 23. 0-0-0 Bxe4 24. Qxe4 Nf5 25. Nc2 0-0-0 26. Rhg1 g5 27. hxg5 Qxg5+ 28. Kb1 Nxg3 29. Qd3 h4 30. c5 bxc5 31. Qa6+ Kd7 32. Qc6+ Ke7 33. Qxc7+ Rd7 34. Qxa5 Rxf3 35. b4 cxb4 36. Nxb4 h3 37. Nc6+ Kf7 38. Qb5 Qf5+ 39. Kb2 Kg7 40. Rd2 Kh7 41. Qb4 Ne4 42. Rc2 Rf2 43. Rgc1 h2 44. Rxf2 Qxf2+ 45. Ka1 Qg2 46. Qb1 Rg7 47. Nd8 Qf3 48. Ne6 Rg1 49. Qb7+ Kh6 50. Kb2 h1Q 0-1